000 02237 a2200229 4500
001 60654
005 20260407155858.0
008 260407a2014 arg spa d
003 AR-UNSa-BCEJYS
040 _aAR-UNSa-BCEJYS
_bspa
_cAR-UNSa-BCEJYS
080 _a330.342.146
_xEconomía social de mercado. Economía del estado del bienestar
245 1 0 _aLa economía social desde la periferia
_pContribuciones latinoamericanas
020 _a978-987-630-174-9
264 1 _aLos Polvorines :
_bUniversidad Nacional de General Sarmiento
_c2014
300 _a413 p.
_c22 cm.
505 _a1. Economía solidaría. Un modo de producción y distribución / Paul Singer - 2. La economía solidaria y el capitalismo en la perspectiva de las transacciones históricas / Luiz Inácio Gaiger – 3. La economía popular, asociativa y autogestionaria / Orlando Núñez S. – 4. ¿Sistemas alternativos de producción? / Aníbal Quijano – 5. Una perspectiva alternativa para la economía social: de la economía popular a la economía del trabajo / José Luis Coraggio – 6. Pedagogía (s) de la producción asociada: ¿hacia dónde camina la economía popular? / Lía Tiriba – 7. Posibilidades y límites de la economía solidaria latinoamericana / Mario Pochmann – 8. Economía solidaria y la nueva centralidad del trabajo asociado / Pedro Cláudio Cunca Bocayuva – 9. ¿Es posible otra economía? El caso de las asambleas vecinales y la recuperación de empresas en la Argentina reciente / Alberto M. Federico-Sabaté – 10. La economía de solidaridad: concepto, realidad y proyecto / Luis Razeto Migliaro – 11. Un mundo diferente es posible. La reconstrucción del régimen de propiedad desde abajo, en la perspectiva de la vida y del bien común / Ulrich Duchrow y Franz J. Hinkelammert – 12. Economía solidaria: una reflexión a la luz de la ética cristiana / Armando de Melo Lisboa – 13. Sentido ético de la rebelión maya de 1994 en Chiapas (Dos “juegos de lenguaje”) / Enrique Dussel -
041 _aspa
942 _cBK
590 _aniveau_biblio:m niveau_hierar:0
100 1 _aCoraggio, José Luis
856 4 1 _uhttps://www.biblioeco.unsa.edu.ar/pmb/images/libros/L129290.jpg
_yImagen de portada
_qimage/jpeg
999 _c7096
_d7096